MARC details
| 000 -CABECERA |
| campo de control de longitud fija |
02777nam a22002897a 4500 |
| 003 - IDENTIFICADOR DEL NÚMERO DE CONTROL |
| campo de control |
OSt |
| 005 - FECHA Y HORA DE LA ÚLTIMA TRANSACCIÓN |
| campo de control |
20260511105853.0 |
| 008 - DATOS DE LONGITUD FIJA--INFORMACIÓN GENERAL |
| campo de control de longitud fija |
260428b |||||||| |||| 00| 0 eng d |
| 022 ## - NÚMERO INTERNACIONAL NORMALIZADO PARA PUBLICACIONES SERIADAS |
| Número Internacional Normalizado para Publicaciones Seriadas |
0208-600X |
| 022 ## - NÚMERO INTERNACIONAL NORMALIZADO PARA PUBLICACIONES SERIADAS |
| Número Internacional Normalizado para Publicaciones Seriadas |
2353-4850 |
| 040 ## - FUENTE DE LA CATALOGACIÓN |
| Centro catalogador/agencia de origen |
TBS |
| Centro/agencia transcriptor |
TBS |
| 041 ## - CÓDIGO DE LENGUA |
| Código de lengua del texto/banda sonora o título independiente |
eng |
| 100 ## - ENTRADA PRINCIPAL--NOMBRE DE PERSONA |
| Nombre de persona |
Wejbert-Wąsiewicz, Ewelina |
| 9 (RLIN) |
26916 |
| Término indicativo de función/relación |
author |
| 245 ## - MENCIÓN DE TÍTULO |
| Título |
Film and cinema as a subject of sociological study |
| Resto del título |
: between tradition and the present |
| Mención de responsabilidad, etc. |
/ Wejbert-Wąsiewicz, Ewelina. |
| 260 ## - PUBLICACIÓN, DISTRIBUCIÓN, ETC. |
| Nombre del editor, distribuidor, etc. |
Acta Universitatis Lodziensis: Folia Sociologica, |
| Fecha de publicación, distribución, etc. |
2020 |
| 300 ## - DESCRIPCIÓN FÍSICA |
| Otras características físicas |
89–110 pages. |
| 362 ## - FECHAS DE PUBLICACIÓN Y/O DESIGNACIÓN SECUENCIAL |
| Fecha de publicación y/o designación secuencial |
Vol. 73 |
| 490 ## - MENCIÓN DE SERIE |
| Mención de serie |
Acta Universitatis Lodziensis. Folia sociologica |
| Designación de volumen o secuencia |
vol.73 |
| 505 ## - NOTA DE CONTENIDO CON FORMATO |
| Nota de contenido con formato |
Relations between sociology and cinema span over a hundred years. The author’s task is to reflect on this fact and, as a result, to present her own theoretical and methodological concept. Constructive framing is done in a historical perspective supplemented with methodological reflections using a variety of existing materials, scientific publications (library query) and the author’s own analyses. The basic research question concerns the state of the subdiscipline: what methodological, empirical and theoretical proposals have been developed; to what extent are they currently up to date or cultivated by scholars? A look at the broad heritage of the sociology of film and cinema allows us to see the gaps to be filled in in the area of empiricism and theory. This article does not address the reasons for this state of affairs in great detail, but merely indicates that an in-depth study of relationships and embedding data in the light of Bruno Latour’s actor-network theory or Pierre Bourdieu’s field concept could shed light on the issue from a different angle, in this case – the scope of the sociology of knowledge. One of the conclusions is that the sociology of film has a faint presence in the field of the sociology of art. The author tries to revive the old postulates of the Polish sociologists of culture and film (including A. Kłoskowska, C. Prasek, K. Żygulski), drawing theoretical inspiration from the philosophy of Ernst Cassirer and also using experience from her own research. What emerges as a result is a research model proposal (along with a research tool) in the field of the sociology of film/cinema, aimed at the cognition and comparison of images of reality. |
| 630 #0 - PUNTO DE ACCESO ADICIONAL DE MATERIA--TÍTULO UNIFORME |
| Título uniforme |
B2 PBT Film Studies (BiM) |
| 9 (RLIN) |
26907 |
| 650 #0 - PUNTO DE ACCESO ADICIONAL DE MATERIA--TÉRMINO DE MATERIA |
| Término de materia o nombre geográfico como elemento de entrada |
Cinema Films (Motion pictures) |
| 9 (RLIN) |
26918 |
| 650 #0 - PUNTO DE ACCESO ADICIONAL DE MATERIA--TÉRMINO DE MATERIA |
| Término de materia o nombre geográfico como elemento de entrada |
Cinema Films (Motion pictures) |
| Subdivisión general |
History |
| 9 (RLIN) |
26919 |
| 650 #0 - PUNTO DE ACCESO ADICIONAL DE MATERIA--TÉRMINO DE MATERIA |
| Término de materia o nombre geográfico como elemento de entrada |
Cinematography |
| Subdivisión general |
Social aspects |
| 9 (RLIN) |
26920 |
| 650 #0 - PUNTO DE ACCESO ADICIONAL DE MATERIA--TÉRMINO DE MATERIA |
| Término de materia o nombre geográfico como elemento de entrada |
Film |
| Subdivisión general |
History and criticism |
| 9 (RLIN) |
26917 |
| 856 ## - LOCALIZACIÓN Y ACCESO ELECTRÓNICOS |
| Identificador Uniforme del Recurso |
<a href="https://research-ebsco-com.hub.tbs-education.fr/linkprocessor/plink?id=d3d0e507-d0b9-353e-8532-fe20a861f172">https://research-ebsco-com.hub.tbs-education.fr/linkprocessor/plink?id=d3d0e507-d0b9-353e-8532-fe20a861f172</a> |
| 942 ## - ELEMENTOS DE ENTRADA AGREGADA (KOHA) |
| Fuente del sistema de clasificación o colocación |
Clasificación de Library of Congress |